Liga Mistrzów UEFA - Półfinaliści (2010-2019) - Statystyki

Ogólne statystyki
  • Ten quiz został rozwiązany 104 razy
    99 od ostatniego zresetowania
  • Średni wynik to 14 z 17
Statystyki odpowiedzi
Półfinały Klub % Poprawnych
6x Barcelona
100%
7x Bayern Monachium
100%
2x Juventus
100%
8x Real Madryt
100%
1 Manchester City
95%
3x Atletico Madryt
94%
1 Borussia Dortmund
94%
1 Inter Mediolan
94%
2x Liverpool
92%
1 Manchester United
92%
2x Chelsea
91%
1 Ajax Amsterdam
81%
1x Tottenham Hotspur
78%
1 Monaco
60%
1 Roma
58%
1 Olympique Lyon
52%
1 Schalke 04
44%
Nie znaleziono quizów pasujących do podanych kryteriów
Rozkład punktacji
Procent ludzi z każdym wynikiem
Percentyl według liczby udzielonych odpowiedzi
Twoja historia wyników
Nie rozwiązałeś tego quizu od ostatniego zresetowania